[Event "Mercredi 2025.01.08 ABCD"]
[Site "Montreal CAN"]
[Date "2025.02.05"]
[Round "5"]
[White "Chapdelaine, Gwyn"]
[Black "Pomerantz, Daniel"]
[Result "0-1"]
[WhiteElo "2194"]
[BlackElo "2083"]
[WhiteFideId "-1"]
[WhiteFideId "-1"]
[PlyCount "134"]
[GameId "2142799102495507"]
[EventDate "2025.01.08"]
[EventType "tourn"]
[EventRounds "5"]
[EventCountry "CAN"]

1. e4 e5 2. Nf3 Nc6 3. Bc4 Nf6 4. d4 exd4 5. e5 d5 6. Bb5 Nd7 7. O-O Be7 8. Bxc6 bxc6 9. Nxd4 Nb8 10. f4 c5 11. Nb3 g6 12. Qf3 c6 13. Be3 d4 14. Bf2 a5 15. a4 Be6 16. N1d2 Qd5 17. Ne4 Nd7 18. Rfe1 Kf8 19. Rad1 Qc4 20. Rd2 Kg7 21. g4 h5 22. gxh5 Rxh5 23. Ng3 Rah8 24. Nxh5+ Rxh5 25. Qxc6 Qb4 26. Qb5 Qxb5 27. axb5 a4 28. Na5 Nb6 29. Nc6 Nc4 30. Rd3 Bh4 31. Bxh4 Rxh4 32. b3 axb3 33. Rxb3 Rg4+ 34. Rg3 Rxf4 35. Rb1 Bd5 36. Nb8 Nxe5 37. b6 Bb7 38. Ra1 Rf6 39. Ra7 Rxb6 40. Rb3 Rxb3 41. cxb3 Bd5 42. Ra5 Nd3 43. Nd7 Bxb3 44. Kf1 c4 45. Ke2 Nf4+ 46. Kf3 Ne6 47. Ke4 Bc2+ 48. Kd5 d3 49. Ne5 d2 50. Ra1 c3 51. Kc4 d1=Q 52. Rxd1 Bxd1 53. Kxc3 Kf6 54. Nc4 Be2 55. Nd6 Bf3 56. Kd3 Bd5 57. Ke3 g5 58. Nb5 Ke5 59. Nc3 f5 60. Ne2 f4+ 61. Kf2 g4 62. Ng1 Ng5 63. Ne2 Ne4+ 64. Kg1 Bc4 65. Nc1 f3 66. Kh1 f2 67. Na2 f1=Q# 0-1

[Event "Mercredi 2025.01.08 ABCD"]
[Site "Montreal CAN"]
[Date "2025.02.05"]
[Round "5"]
[White "Genzling, Jerome"]
[Black "Mok, Yuen Tak"]
[Result "0-1"]
[WhiteElo "2143"]
[BlackElo "2121"]
[WhiteFideId "-1"]
[WhiteFideId "-1"]
[PlyCount "98"]
[GameId "2142799102495509"]
[EventDate "2025.01.08"]
[EventType "tourn"]
[EventRounds "5"]
[EventCountry "CAN"]

1. e4 c6 2. d4 d5 3. exd5 cxd5 4. Bd3 Nc6 5. c3 Nf6 6. Bf4 Bg4 7. Qb3 Qc8 8. Nd2 e6 9. Ngf3 Bh5 10. O-O Be7 11. Rae1 O-O 12. Qc2 Bg6 13. Bxg6 hxg6 14. Qd3 a6 15. Bg5 Qc7 16. Ne5 Bd6 17. f4 Rfe8 18. Qh3 Nd7 19. Bh4 Nf8 20. Kh1 b5 21. a3 a5 22. Ndf3 f6 23. Nd3 Rab8 24. Bg3 Ne7 25. Rc1 Qc4 26. Rfd1 Nd7 27. Bh4 Qc7 28. Bg3 Nb6 29. b4 Nf5 30. Nh4 Ne3 31. Re1 Nec4 32. Nc5 Qf7 33. Ra1 Ra8 34. Qg4 Re7 35. Qf3 axb4 36. axb4 Rea7 37. Qf1 Bxc5 38. bxc5 Ra3 39. Rxa3 Rxa3 40. Rb1 Nd2 41. Qxb5 Nxb1 42. Qxb1 Qa7 43. Qf1 Rxc3 44. Nf3 Qa3 45. h3 Rc1 46. Be1 Qa4 47. Qe2 Qc4 48. Qb2 Rc2 49. Nd2 Rxb2 0-1

[Event "Mercredi 2025.01.08 ABCD"]
[Site "Montreal CAN"]
[Date "2025.02.05"]
[Round "5"]
[White "Guillemette, Hugo"]
[Black "Leveille, Francois"]
[Result "1-0"]
[WhiteElo "2256"]
[BlackElo "2275"]
[WhiteFideId "-1"]
[WhiteFideId "-1"]
[PlyCount "165"]
[GameId "2142799102364422"]
[EventDate "2025.01.08"]
[EventType "tourn"]
[EventRounds "5"]
[EventCountry "CAN"]

1. e4 Nf6 2. e5 Nd5 3. d4 d6 4. c4 Nb6 5. exd6 cxd6 6. Nc3 e6 7. Be3 Be7 8. Nf3 O-O 9. Bd3 Nc6 10. O-O d5 11. c5 Nd7 12. a3 a5 13. Qc2 h6 14. Rab1 b6 15. b4 axb4 16. axb4 bxc5 17. bxc5 Ba6 18. Bxa6 Rxa6 19. Bf4 g5 20. Be3 Bf6 21. Nb5 Bg7 22. Qd3 Ra4 23. Nd6 g4 24. Qd1 Qa8 25. Rb7 gxf3 26. Rxd7 fxg2 27. Kxg2 Nxd4 28. Bxd4 Rxd4 29. Qf3 f5 30. h3 Qa4 31. Re7 Rd2 32. Qe3 Qd4 33. Qxe6+ Kh8 34. Nf7+ Kh7 35. Qxf5+ Kg8 36. Nxh6+ Kh8 37. Nf7+ Kg8 38. Qe6 Qf6 39. Ng5+ Kh8 40. Qxf6 Bxf6 41. Rf7 Rxf7 42. Nxf7+ Kg8 43. Nh6+ Kg7 44. Nf5+ Kg6 45. Ne3 d4 46. Ng4 Rc2 47. Re1 Bg7 48. Re6+ Kf7 49. Rc6 Rc3 50. Rc7+ Kg6 51. f4 Bf8 52. Ne5+ Kh6 53. c6 d3 54. Rd7 Bg7 55. Ng4+ Kg6 56. f5+ Kxf5 57. Rxg7 Rxc6 58. Rd7 Rc2+ 59. Kf3 Rc3 60. Nf2 d2+ 61. Ke2 Ra3 62. Rxd2 Kf4 63. Rd4+ Ke5 64. Rd3 Ra8 65. Kf3 Ra4 66. Ng4+ Kf5 67. Rd5+ Kg6 68. Kg3 Ra3+ 69. Kh4 Rb3 70. Rg5+ Kf7 71. Re5 Ra3 72. Re3 Ra5 73. Kg3 Ra4 74. h4 Rb4 75. h5 Ra4 76. Kh4 Ra5 77. Re5 Ra1 78. Kg5 Rg1 79. Ra5 Kg7 80. Ra7+ Kg8 81. h6 Kh8 82. Kh5 Rg2 83. Ra8+ 1-0

[Event "Mercredi 2025.01.08 ABCD"]
[Site "Montreal CAN"]
[Date "2025.02.05"]
[Round "5"]
[White "Jacquet, Stephane"]
[Black "Gadbois, Patrick"]
[Result "1-0"]
[WhiteElo "2043"]
[BlackElo "1959"]
[WhiteFideId "-1"]
[WhiteFideId "-1"]
[PlyCount "101"]
[GameId "2142799102540579"]
[EventDate "2025.01.08"]
[EventType "tourn"]
[EventRounds "5"]
[EventCountry "CAN"]

1. Nf3 d5 2. e3 e6 3. c4 c6 4. b3 Nf6 5. Bb2 Bd6 6. Be2 Nbd7 7. d4 O-O 8. O-O Ne4 9. Nc3 f5 10. Qc2 Qf6 11. a4 Rf7 12. Ba3 Bc7 13. cxd5 Nxc3 14. Qxc3 exd5 15. b4 g5 16. Rfc1 g4 17. Nd2 Qh6 18. g3 Nf6 19. b5 Bd7 20. bxc6 Bxc6 21. Bb5 Bxb5 22. axb5 Ne4 23. Nxe4 fxe4 24. Ra2 Bb6 25. Bc5 Rc8 26. Qe1 Rfc7 27. Qd1 Qe6 28. Rac2 h5 29. h3 Qf5 30. Bxb6 Rxc2 31. Rxc2 axb6 32. hxg4 hxg4 33. Rxc8+ Qxc8 34. Qb3 Qd7 35. Qa2 Qxb5 36. Qa8+ Kg7 37. Qxb7+ Kf6 38. Qc7 Qb1+ 39. Kg2 b5 40. Qe5+ Kg6 41. Qxd5 b4 42. Qe6+ Kg7 43. Qxg4+ Kf7 44. d5 b3 45. Qe6+ Kg7 46. d6 Qd1 47. Qe7+ Kg8 48. d7 Qf3+ 49. Kg1 Qd1+ 50. Kh2 Qh5+ 51. Qh4 1-0

[Event "Mercredi 2025.01.08 ABCD"]
[Site "Montreal CAN"]
[Date "2025.02.05"]
[Round "5"]
[White "Nassif, Aba"]
[Black "Di Matteo, Alessio"]
[Result "1-0"]
[WhiteElo "1989"]
[BlackElo "1965"]
[WhiteFideId "-1"]
[WhiteFideId "-1"]
[PlyCount "117"]
[GameId "2142799102540580"]
[EventDate "2025.01.08"]
[EventType "tourn"]
[EventRounds "5"]
[EventCountry "CAN"]

1. d4 Nf6 2. Nc3 d5 3. Bf4 c5 4. e4 cxd4 5. Qxd4 Nc6 6. Qa4 d4 7. Nb5 e5 8. Bxe5 Bb4+ 9. c3 Nxe4 10. Nf3 O-O 11. Bxd4 a6 12. O-O-O axb5 13. Qxa8 Qc7 14. Bxb5 Nxd4 15. Rxd4 Bf5 16. Qa4 Nxc3 17. bxc3 Qxc3+ 18. Kd1 Qa1+ 19. Ke2 Qb2+ 20. Kf1 Bc5 21. Rd2 Qb1+ 22. Rd1 Qb2 23. Rd2 Qb1+ 24. Ne1 Bb4 25. Rd1 Qb2 26. Qb3 Qxb3 27. axb3 h5 28. Nf3 Ra8 29. Nd4 Bg6 30. Ba4 Bc5 31. Ke2 h4 32. f3 Be7 33. Nb5 Bc5 34. Nd6 b6 35. Nb7 Bb4 36. Rd8+ Rxd8 37. Nxd8 Bf5 38. Rc1 g5 39. Nc6 Ba3 40. Ra1 Bb2 41. Ra2 Bf6 42. Rd2 g4 43. Rd6 Kg7 44. Bb5 gxf3+ 45. Kxf3 Bc3 46. Bc4 Bg6 47. Nd8 Bh5+ 48. Ke4 Bg6+ 49. Kd5 Ba5 50. Kc6 Bc3 51. Nxf7 Be4+ 52. Kxb6 Bxg2 53. h3 Be1 54. Ng5 Bf2+ 55. Kb5 Be3 56. Bd3 Kf8 57. Rf6+ Kg7 58. Rg6+ Kf8 59. Nh7+ 1-0

[Event "Mercredi 2025.02.04 ABCD"]
[Site "Montreal CAN"]
[Date "2025.04.02"]
[Round "1"]
[White "Barko, Maxim"]
[Black "Bain-Thouverez, Aurelien"]
[Result "0-1"]
[WhiteElo "1910"]
[BlackElo "1786"]
[WhiteFideId "-1"]
[WhiteFideId "-1"]
[PlyCount "58"]
[GameId "2172756327914822"]
[EventDate "2025.04.02"]
[EventType "tourn"]
[EventRounds "5"]
[EventCountry "CAN"]

1. d4 d5 2. c4 e6 3. Nf3 Nf6 4. g3 Be7 5. Bg2 O-O 6. O-O dxc4 7. Qc2 Nbd7 8. a4 c5 9. Na3 Nb6 10. Rd1 Bd7 11. dxc5 Bxc5 12. Ne5 Qc7 13. Nxd7 Nfxd7 14. a5 Nd5 15. Nxc4 Rac8 16. b3 b5 17. axb6 axb6 18. Qd2 Bb4 19. Qd4 Bc3 20. Bf4 Nxf4 21. Qxd7 Nxe2+ 22. Kf1 Nxg3+ 23. hxg3 Qxd7 24. Rxd7 Bxa1 25. Bb7 Rcd8 26. Nxb6 Bd4 27. Rxd8 Rxd8 28. Nc4 Rb8 29. Na5 Bc3 0-1

[Event "Mercredi 2025.02.04 ABCD"]
[Site "Montreal CAN"]
[Date "2025.04.02"]
[Round "1"]
[White "Beaulieu, Pierre"]
[Black "Liao, Minyam"]
[Result "1/2-1/2"]
[WhiteElo "1733"]
[BlackElo "1732"]
[WhiteFideId "-1"]
[WhiteFideId "-1"]
[PlyCount "82"]
[GameId "2172756327927123"]
[EventDate "2025.04.02"]
[EventType "tourn"]
[EventRounds "5"]
[EventCountry "CAN"]

1. d4 d5 2. Bf4 Nf6 3. Nc3 c5 4. e3 cxd4 5. exd4 a6 6. Bd3 e6 7. Nge2 Bd6 8. O-O O-O 9. Qd2 Nc6 10. Bg5 Nb4 11. Ng3 Nxd3 12. Qxd3 h6 13. Bxf6 Qxf6 14. f4 Qh4 15. Qf3 Bd7 16. Nge2 Rac8 17. g3 Qh3 18. Rac1 Bc6 19. Nd1 Bb5 20. Ne3 h5 21. Kh1 Bxe2 22. Qxe2 h4 23. g4 Rc7 24. Rf3 Qxf3+ 25. Qxf3 Rfc8 26. c3 b5 27. a3 a5 28. Rf1 b4 29. axb4 axb4 30. Nd1 b3 31. f5 exf5 32. Qxd5 Bf8 33. Rxf5 Re8 34. Qxb3 Re1+ 35. Kg2 Rce7 36. Rf2 R7e6 37. d5 h3+ 38. Kxh3 Rh6+ 39. Kg2 Bd6 40. Qc2 Rxh2+ 41. Kf3 Rh3+ 1/2-1/2

[Event "Mercredi 2025.02.04 ABCD"]
[Site "Montreal CAN"]
[Date "2025.04.02"]
[Round "1"]
[White "Cossette, Richard"]
[Black "Templonueva, Mark Geryl"]
[Result "0-1"]
[WhiteElo "1790"]
[BlackElo "1904"]
[WhiteFideId "-1"]
[WhiteFideId "-1"]
[PlyCount "62"]
[GameId "2172756327914824"]
[EventDate "2025.04.02"]
[EventType "tourn"]
[EventRounds "5"]
[EventCountry "CAN"]

1. e4 e5 2. Nf3 Nf6 3. Nxe5 d6 4. Nf3 Nxe4 5. d4 d5 6. Bd3 Nc6 7. Be3 Bg4 8. c3 Bd6 9. Nbd2 Nxd2 10. Bxd2 Qe7+ 11. Be3 O-O-O 12. h3 Bh5 13. O-O f6 14. Re1 Qf7 15. b4 g5 16. a4 Ne7 17. g4 Bg6 18. Kg2 h5 19. Qc2 Bxd3 20. Qxd3 hxg4 21. hxg4 Qe6 22. Bd2 Qxg4+ 23. Kf1 Rh3 24. Ke2 Nf5 25. Be3 Qxf3+ 26. Kd2 Nxe3 27. fxe3 Rh2+ 28. Re2 Rdh8 29. Rae1 Bg3 30. Rg1 Rxe2+ 31. Qxe2 Rh2 0-1

[Event "Mercredi 2025.02.04 ABCD"]
[Site "Montreal CAN"]
[Date "2025.04.02"]
[Round "1"]
[White "Di Matteo, Alessio"]
[Black "Jacquet, Stephane"]
[Result "0-1"]
[WhiteElo "1949"]
[BlackElo "2092"]
[WhiteFideId "-1"]
[WhiteFideId "-1"]
[PlyCount "66"]
[GameId "2172756327898425"]
[EventDate "2025.04.02"]
[EventType "tourn"]
[EventRounds "5"]
[EventCountry "CAN"]

1. d4 d6 2. c4 e5 3. Nf3 e4 4. Nfd2 f5 5. e3 Nf6 6. Be2 c5 7. Nc3 cxd4 8. exd4 Nc6 9. Ndb1 Be7 10. Na3 O-O 11. Nc2 Ne8 12. b4 Bf6 13. b5 Na5 14. Nd5 Be6 15. Nxf6+ Nxf6 16. d5 Bf7 17. Bb2 Rc8 18. Na3 b6 19. Qd4 Bh5 20. Bxh5 Nxh5 21. h4 Rc7 22. Bc3 Nf4 23. Bxa5 Nd3+ 24. Kf1 bxa5 25. b6 axb6 26. Qxb6 Qf6 27. Rb1 Rc5 28. Nb5 Qh6 29. g3 Qd2 30. Rh2 e3 31. Nxd6 e2+ 32. Kg2 e1=Q 33. Kh3 Nxf2+ 0-1

[Event "Mercredi 2025.02.04 ABCD"]
[Site "Montreal CAN"]
[Date "2025.04.02"]
[Round "1"]
[White "Gelet, Seymour"]
[Black "Batorshyn, Ilia"]
[Result "0-1"]
[WhiteElo "2105"]
[BlackElo "2284"]
[WhiteFideId "-1"]
[WhiteFideId "-1"]
[PlyCount "102"]
[GameId "2172756327828776"]
[EventDate "2025.04.02"]
[EventType "tourn"]
[EventRounds "5"]
[EventCountry "CAN"]

1. g3 Nf6 2. Bg2 d5 3. Nf3 e6 4. O-O Be7 5. c4 O-O 6. d3 c5 7. Nbd2 Nc6 8. e4 dxe4 9. dxe4 e5 10. b3 Qc7 11. Bb2 Rd8 12. Qe2 a5 13. a4 Nd7 14. Rfe1 Nf8 15. Nf1 Nd4 16. Bxd4 cxd4 17. Red1 Bg4 18. N1d2 Ne6 19. h3 Bh5 20. Qf1 Bb4 21. Ra2 Nc5 22. Rb1 Bg6 23. Nh4 Bxd2 24. Nxg6 Bg5 25. f4 fxg6 26. fxg5 Ra6 27. Qe1 Rda8 28. h4 Rb6 29. Bh3 Qc6 30. Qd1 Qxe4 31. Re2 Qf3 32. Kh2 Ne4 33. Qe1 Nc3 34. Rxe5 Nxb1 35. c5 Rc6 36. Bg2 Qf8 37. Bd5+ Kh8 38. Bxc6 bxc6 39. Qxb1 Rd8 40. Qd3 Qf2+ 41. Kh3 Qf7 42. Kh2 Kg8 43. Re4 Qf2+ 44. Kh3 Qf5+ 45. g4 Qxc5 46. Qe2 Qf8 47. Re7 Kh8 48. h5 d3 49. Qe5 d2 50. h6 Rd3+ 51. Kg2 Qf3+ 0-1

[Event "Mercredi 2025.02.04 ABCD"]
[Site "Montreal CAN"]
[Date "2025.04.02"]
[Round "1"]
[White "Ghnatios, Ralph"]
[Black "Boudreau, Daniel"]
[Result "1-0"]
[WhiteElo "1910"]
[BlackElo "1845"]
[WhiteFideId "-1"]
[WhiteFideId "-1"]
[PlyCount "61"]
[GameId "2172756327914823"]
[EventDate "2025.04.02"]
[EventType "tourn"]
[EventRounds "5"]
[EventCountry "CAN"]

1. e4 c6 2. d4 d5 3. f3 e6 4. Nc3 Bb4 5. Nge2 dxe4 6. fxe4 Nf6 7. Qd3 b6 8. Bg5 Ba6 9. Qe3 Nbd7 10. Ng3 Bxf1 11. Rxf1 h6 12. Bf4 Ng4 13. Qg1 Bxc3+ 14. bxc3 b5 15. h3 Ngf6 16. Bd6 Nb6 17. e5 Nfd5 18. Qf2 Qd7 19. Ne4 Na4 20. Qg3 O-O-O 21. c4 bxc4 22. Rb1 Ndb6 23. Nc5 Nxc5 24. dxc5 Qb7 25. Qf2 f5 26. cxb6 Rd7 27. Qc5 Re8 28. Rf4 Rf7 29. Rxc4 Kd7 30. Rb2 a6 31. Bc7 1-0

[Event "Mercredi 2025.02.04 ABCD"]
[Site "Montreal CAN"]
[Date "2025.04.02"]
[Round "1"]
[White "Guillemette, Hugo"]
[Black "Genzling, Jerome"]
[Result "1-0"]
[WhiteElo "2278"]
[BlackElo "2117"]
[WhiteFideId "-1"]
[WhiteFideId "-1"]
[PlyCount "83"]
[GameId "2172756327873833"]
[EventDate "2025.04.02"]
[EventType "tourn"]
[EventRounds "5"]
[EventCountry "CAN"]

1. d4 d5 2. c4 e6 3. Nf3 a6 4. g3 dxc4 5. Bg2 Nc6 6. O-O Rb8 7. Nc3 b5 8. d5 exd5 9. Nxd5 Bd6 10. b3 cxb3 11. Bb2 Kf8 12. Qc1 Nge7 13. Qc3 Rg8 14. Ng5 Bf5 15. Nf6 gxf6 16. Qxf6 Rxg5 17. Qxg5 Bg6 18. Qf6 Ke8 19. Rac1 Nb4 20. Bh3 Ned5 21. Qh8+ Ke7 22. Qd4 c5 23. Qd2 bxa2 24. e4 Nc7 25. e5 Ncd5 26. exd6+ Kxd6 27. Rfd1 Nd3 28. Bf1 c4 29. Ba3+ Kd7 30. Qxa2 Qg5 31. Bxd3 Bxd3 32. Rxd3 cxd3 33. Rc5 Ke6 34. Rc6+ Ke5 35. Bd6+ Ke4 36. f3+ Kxf3 37. Qg2+ Kg4 38. h3+ Kh5 39. g4+ Kg6 40. Bf4+ Qf6 41. Rxf6+ Nxf6 42. Bxb8 1-0

[Event "Mercredi 2025.02.04 ABCD"]
[Site "Montreal CAN"]
[Date "2025.04.02"]
[Round "1"]
[White "Lima-Barbosa, Raphael"]
[Black "Nassif, Aba"]
[Result "1/2-1/2"]
[WhiteElo "1948"]
[BlackElo "2074"]
[WhiteFideId "-1"]
[WhiteFideId "-1"]
[PlyCount "121"]
[GameId "2172756327894327"]
[EventDate "2025.04.02"]
[EventType "tourn"]
[EventRounds "5"]
[EventCountry "CAN"]

1. c4 e5 2. d3 Bc5 3. Nf3 Nc6 4. a3 d6 5. Nc3 a6 6. e3 Ba7 7. Be2 Bd7 8. b4 Nf6 9. Bb2 h5 10. Qc2 Bf5 11. e4 Bg4 12. Nd2 Nd4 13. Qd1 Ne6 14. h3 Bxe2 15. Nxe2 h4 16. Nf3 Qd7 17. Qc2 Nh5 18. d4 Nhf4 19. Nxf4 Nxf4 20. O-O-O exd4 21. Nxd4 O-O-O 22. Nf5 g6 23. Bxh8 Rxh8 24. Ne3 Qe6 25. Nd5 Qe5 26. Qb2 Bd4 27. Rxd4 Qxd4 28. Nxf4 Qxc4+ 29. Qc2 Qd4 30. Kb1 Re8 31. f3 Kb8 32. Rd1 Qe3 33. Qxc7+ Ka7 34. Qc1 Qb3+ 35. Ka1 Rc8 36. Qxc8 Qxd1+ 37. Kb2 Qd2+ 38. Qc2 Qxf4 39. Qf2+ b6 40. Qd4 Qg5 41. Qxd6 Qxg2+ 42. Kc1 Qf1+ 43. Kd2 Qf2+ 44. Kc1 Qf1+ 45. Kd2 Qf2+ 46. Kc1 Qe3+ 47. Kc2 Qe2+ 48. Kc1 Qc4+ 49. Kd2 Qa2+ 50. Kd1 Qe6 51. Qxe6 fxe6 52. Kd2 Kb7 53. Kd3 e5 54. Kc3 Kc6 55. Kc4 b5+ 56. Kc3 Kd6 57. Kd3 Ke6 58. Ke2 Kf6 59. Kf2 Kg5 60. Ke3 Kf6 61. Kf2 1/2-1/2

[Event "Mercredi 2025.02.04 ABCD"]
[Site "Montreal CAN"]
[Date "2025.04.02"]
[Round "1"]
[White "Marcil, Alexandre"]
[Black "Allaire, Denis"]
[Result "1/2-1/2"]
[WhiteElo "1724"]
[BlackElo "1699"]
[WhiteFideId "-1"]
[WhiteFideId "-1"]
[PlyCount "66"]
[GameId "2172756327927124"]
[EventDate "2025.04.02"]
[EventType "tourn"]
[EventRounds "5"]
[EventCountry "CAN"]

1. e4 c6 2. d4 d5 3. e5 c5 4. c3 Nc6 5. Nf3 Bg4 6. Be2 e6 7. Nbd2 Qb6 8. Nb3 c4 9. Nbd2 Nge7 10. h3 Bxf3 11. Nxf3 Nf5 12. O-O Be7 13. Qc2 h5 14. Ng5 Qd8 15. Nf3 b5 16. b3 Rb8 17. a4 b4 18. bxc4 bxc3 19. Rd1 Bb4 20. Ba3 Bxa3 21. Rxa3 Rb2 22. Qd3 c2 23. Rc1 Qb6 24. cxd5 Ncxd4 25. dxe6 fxe6 26. Nxd4 Qxd4 27. Qxd4 Nxd4 28. Bd3 O-O 29. Rc3 Rd8 30. Kh2 Kh8 31. Rc7 Nf3+ 32. gxf3 Rxd3 33. R7xc2 Rbb3 1/2-1/2

[Event "Mercredi 2025.02.04 ABCD"]
[Site "Montreal CAN"]
[Date "2025.04.02"]
[Round "1"]
[White "Mourad, Michel"]
[Black "Jenzen, David"]
[Result "0-1"]
[WhiteElo "1713"]
[BlackElo "1745"]
[WhiteFideId "-1"]
[WhiteFideId "-1"]
[PlyCount "106"]
[GameId "2172756327927125"]
[EventDate "2025.04.02"]
[EventType "tourn"]
[EventRounds "5"]
[EventCountry "CAN"]

1. b4 d5 2. Bb2 Nf6 3. e3 Bf5 4. c4 dxc4 5. Bxc4 e6 6. a3 a6 7. Ne2 b5 8. Bb3 c5 9. bxc5 Bxc5 10. a4 b4 11. Ng3 Bg6 12. a5 O-O 13. d4 Be7 14. Nd2 Nc6 15. Nc4 Rb8 16. Qe2 Qd5 17. e4 Nxe4 18. Nxe4 Qxe4 19. Qxe4 Bxe4 20. Ne3 Rfd8 21. f3 Bd3 22. d5 exd5 23. Bxd5 Bb5 24. Bxc6 Bxc6 25. Nf5 Bf8 26. Bxg7 Re8+ 27. Kf2 Bxg7 28. Nxg7 Kxg7 29. Rac1 Re6 30. Rc5 Rd6 31. Ke3 Bd7 32. Rhc1 b3 33. Rb1 Be6 34. f4 Rd5 35. Rxd5 Bxd5 36. g3 Rb5 37. Kd4 Be6 38. g4 f6 39. f5 Bf7 40. h4 Rxa5 41. g5 Rxf5 42. gxf6+ Rxf6 43. Kc3 a5 44. Ra1 Rc6+ 45. Kb2 Rc2+ 46. Kb1 Ra2 47. Rxa2 bxa2+ 48. Kc1 a1=Q+ 49. Kd2 Qa3 50. Ke1 Qb2 51. h5 Bc4 52. Kd1 Bd3 53. Ke1 Qe2# 0-1

[Event "Mercredi 2025.02.04 ABCD"]
[Site "Montreal CAN"]
[Date "2025.04.02"]
[Round "1"]
[White "Pomerantz, Daniel"]
[Black "Chapdelaine, Gwyn"]
[Result "0-1"]
[WhiteElo "2096"]
[BlackElo "2162"]
[WhiteFideId "-1"]
[WhiteFideId "-1"]
[PlyCount "60"]
[GameId "2172756327873834"]
[EventDate "2025.04.02"]
[EventType "tourn"]
[EventRounds "5"]
[EventCountry "CAN"]

1. e4 c6 2. d4 d5 3. e5 Bf5 4. Nf3 e6 5. Be2 c5 6. c3 Nc6 7. O-O Qb6 8. dxc5 Bxc5 9. b4 Be7 10. Be3 Qc7 11. b5 Na5 12. Qa4 b6 13. c4 dxc4 14. Nbd2 Bc5 15. Nxc4 Nxc4 16. Qxc4 Rc8 17. Rac1 Ne7 18. Bxc5 bxc5 19. h4 h6 20. Rfe1 O-O 21. g4 Bh7 22. Bd3 Bxd3 23. Qxd3 Rfd8 24. Qe4 c4 25. a4 c3 26. Rc2 Qc4 27. Kg2 Nd5 28. a5 Nb4 29. Rce2 Qxe4 30. Rxe4 Nd3 0-1

[Event "Mercredi 2025.02.04 ABCD"]
[Site "Montreal CAN"]
[Date "2025.04.02"]
[Round "1"]
[White "Ramesan, Raunak"]
[Black "Singher, Jean-Pierre"]
[Result "0-1"]
[WhiteElo "2004"]
[BlackElo "2004"]
[WhiteFideId "-1"]
[WhiteFideId "-1"]
[PlyCount "142"]
[GameId "2172756327894328"]
[EventDate "2025.04.02"]
[EventType "tourn"]
[EventRounds "5"]
[EventCountry "CAN"]

1. e4 c5 2. Nf3 Nc6 3. d4 cxd4 4. Nxd4 e5 5. Nb5 d6 6. N1c3 a6 7. Na3 Be7 8. Nc4 b5 9. Ne3 Nf6 10. f3 O-O 11. Be2 Nd4 12. Ncd5 Nxd5 13. exd5 f5 14. c3 Nxe2 15. Qxe2 f4 16. Nd1 Bh4+ 17. Nf2 Qb6 18. O-O Bb7 19. Rd1 Rac8 20. Rd3 b4 21. cxb4 Rc4 22. Bd2 a5 23. b3 Rc2 24. bxa5 Qxf2+ 25. Qxf2 Bxf2+ 26. Kxf2 Ba6 27. Ke2 e4 28. fxe4 Re8 29. Rd1 Rxe4+ 30. Kf3 Bxd3 31. Bxf4 Be2+ 32. Kxe4 Bxd1 33. a4 Rc5 34. Bxd6 Rxa5 35. Bc7 Ra8 36. d6 Bg4 37. Kd5 Bd7 38. a5 Rf8 39. Kc5 Rf5+ 40. Kd4 Rf2 41. b4 Rxg2 42. a6 Ra2 43. Ba5 Kf7 44. a7 Bc6 45. d7 Rd2+ 46. Kc5 Rxd7 47. Kxc6 Rxa7 48. Bc7 Ke6 49. b5 Ra2 50. b6 Rc2+ 51. Kb7 Kd7 52. Bb8 Ra2 53. Ba7 Rxh2 54. Ka8 g5 55. b7 Rb2 56. Be3 Ra2+ 57. Ba7 Rb2 58. Be3 Kc7 59. Bxg5 Rxb7 60. Bf4+ Kc6 61. Be5 Rb5 62. Bf4 h5 63. Ka7 h4 64. Ka8 h3 65. Ka7 Rb2 66. Be5 Ra2+ 67. Kb8 h2 68. Bxh2 Rxh2 69. Ka7 Rb2 70. Ka8 Kc7 71. Ka7 Ra2# 0-1

[Event "Mercredi 2025.02.04 ABCD"]
[Site "Montreal CAN"]
[Date "2025.04.09"]
[Round "2"]
[White "Allaire, Denis"]
[Black "Mourad, Michel"]
[Result "1-0"]
[WhiteElo "1699"]
[BlackElo "1713"]
[WhiteFideId "-1"]
[WhiteFideId "-1"]
[PlyCount "37"]
[GameId "2172756327931224"]
[EventDate "2025.04.02"]
[EventType "tourn"]
[EventRounds "5"]
[EventCountry "CAN"]

1. e4 e5 2. Nf3 Nf6 3. Nc3 Nc6 4. d4 Bb4 5. Nxe5 Nxe5 6. dxe5 Nxe4 7. Qg4 d5 8. Qxg7 Rf8 9. a3 Qh4 10. Be3 Nxc3 11. Bd3 d4 12. Bh6 Be7 13. bxc3 dxc3 14. Qxh7 f5 15. Qg6+ Kd8 16. Rd1 Bd7 17. Bxf8 Bxf8 18. Bxf5 Ke7 19. Rxd7# 1-0

[Event "Mercredi 2025.02.04 ABCD"]
[Site "Montreal CAN"]
[Date "2025.04.09"]
[Round "2"]
[White "Bain-Thouverez, Aurelien"]
[Black "Templonueva, Mark Geryl"]
[Result "0-1"]
[WhiteElo "1786"]
[BlackElo "1904"]
[WhiteFideId "-1"]
[WhiteFideId "-1"]
[PlyCount "42"]
[GameId "2172756327918921"]
[EventDate "2025.04.02"]
[EventType "tourn"]
[EventRounds "5"]
[EventCountry "CAN"]

1. Nf3 d5 2. g3 e6 3. Bg2 f5 4. d3 Nf6 5. Bg5 h6 6. Bxf6 Qxf6 7. c3 Nc6 8. Nbd2 e5 9. e4 Be6 10. exf5 Bxf5 11. Nf1 O-O-O 12. Ne3 Bh7 13. O-O Kb8 14. b4 e4 15. Ne1 Qxc3 16. b5 Nd4 17. a4 Bb4 18. Rc1 Qxc1 19. Qxc1 Ne2+ 20. Kh1 Nxc1 21. N1c2 Nxd3 0-1

[Event "Mercredi 2025.02.04 ABCD"]
[Site "Montreal CAN"]
[Date "2025.04.09"]
[Round "2"]
[White "Barko, Maxim"]
[Black "Ghnatios, Ralph"]
[Result "1-0"]
[WhiteElo "1910"]
[BlackElo "1910"]
[WhiteFideId "-1"]
[WhiteFideId "-1"]
[PlyCount "43"]
[GameId "2172756327918922"]
[EventDate "2025.04.02"]
[EventType "tourn"]
[EventRounds "5"]
[EventCountry "CAN"]

1. e4 c5 2. Nc3 Nc6 3. Nge2 g6 4. g3 Bg7 5. Bg2 Nf6 6. O-O d6 7. d3 O-O 8. h3 Rb8 9. Be3 b5 10. Qd2 b4 11. Nd1 a5 12. f4 Qb6 13. g4 a4 14. a3 Qa6 15. Nf2 Nxe4 16. Nxe4 Bxb2 17. f5 bxa3 18. f6 Be6 19. c3 Bxa1 20. Bd4 Kh8 21. Qh6 Rg8 22. Ng5 1-0

[Event "Mercredi 2025.02.04 ABCD"]
[Site "Montreal CAN"]
[Date "2025.04.09"]
[Round "2"]
[White "Batorshyn, Ilia"]
[Black "Chapdelaine, Gwyn"]
[Result "1-0"]
[WhiteElo "2284"]
[BlackElo "2162"]
[WhiteFideId "-1"]
[WhiteFideId "-1"]
[PlyCount "87"]
[GameId "2172756327877931"]
[EventDate "2025.04.02"]
[EventType "tourn"]
[EventRounds "5"]
[EventCountry "CAN"]

1. e4 c6 2. d3 d5 3. Nd2 e5 4. Ngf3 Bd6 5. g3 Nf6 6. Bg2 O-O 7. O-O Nbd7 8. Re1 Re8 9. c3 Nc5 10. Qc2 dxe4 11. Nxe4 Ncxe4 12. dxe4 h6 13. Nd2 Be6 14. Bf1 b5 15. a4 a6 16. b3 Qb6 17. Ba3 Ng4 18. Re2 c5 19. h3 Nf6 20. Ree1 Red8 21. Bb2 Nh7 22. axb5 axb5 23. c4 Rxa1 24. Rxa1 Bc7 25. Nf3 bxc4 26. Bxc4 Bxh3 27. Bxe5 Bxe5 28. Nxe5 Ng5 29. Rd1 Re8 30. f4 Rxe5 31. fxe5 Qg6 32. Qe2 Ne6 33. Qe3 Qh5 34. Be2 Qxe5 35. Rd5 Qa1+ 36. Kh2 g6 37. Rd1 Qb2 38. Kxh3 Nd4 39. Bc4 Kg7 40. Qf4 f5 41. Qe5+ Kf8 42. Qf6+ Ke8 43. Bb5+ Nxb5 44. Rd8# 1-0

[Event "Mercredi 2025.02.04 ABCD"]
[Site "Montreal CAN"]
[Date "2025.04.09"]
[Round "2"]
[White "Beaulieu, Pierre"]
[Black "Marcil, Alexandre"]
[Result "0-1"]
[WhiteElo "1733"]
[BlackElo "1724"]
[WhiteFideId "-1"]
[WhiteFideId "-1"]
[PlyCount "84"]
[GameId "2172756327927126"]
[EventDate "2025.04.02"]
[EventType "tourn"]
[EventRounds "5"]
[EventCountry "CAN"]

1. d4 Nf6 2. Nc3 d5 3. Bg5 e6 4. e4 dxe4 5. Nxe4 Be7 6. Bxf6 Bxf6 7. Nf3 O-O 8. Bd3 Nd7 9. Qe2 c5 10. O-O-O Bxd4 11. Nxd4 cxd4 12. Qh5 g6 13. Qh6 Qe7 14. Rhe1 Nf6 15. Ng5 Rd8 16. Re4 Qf8 17. Qh4 h6 18. Nf3 Nxe4 19. Qxe4 Bd7 20. Ne5 Qg7 21. f4 Bc6 22. Qe2 Bd5 23. g4 Rac8 24. Kb1 a6 25. h4 b5 26. h5 g5 27. fxg5 Qxg5 28. Rf1 Rc7 29. a3 Bc4 30. Nxc4 bxc4 31. Bxc4 a5 32. Bd3 Rb8 33. Qe4 Qg7 34. a4 Rc5 35. Qf4 Rbc8 36. Rg1 Rg5 37. Qe4 Rcc5 38. Rf1 Rxg4 39. Qa8+ Qf8 40. Qa7 Rcg5 41. Bh7+ Kxh7 42. Rxf7+ Rg7 0-1